Revaluación de la teoría de la División Internacional del Trabajo (Registro nro. 28830)
[ vista simple ]
| 000 -LEADER | |
|---|---|
| fixed length control field | 00381 a2200109 4500 |
| 001 - CONTROL NUMBER | |
| control field | ART_24064 |
| 005 - DATE AND TIME OF LATEST TRANSACTION | |
| control field | 20260410161934.0 |
| 008 - FIXED-LENGTH DATA ELEMENTS--GENERAL INFORMATION | |
| fixed length control field | 260409a |
| 100 1# - MAIN ENTRY--PERSONAL NAME | |
| Personal name | Di Tella, Guido |
| 245 10 - TITLE STATEMENT | |
| Title | Revaluación de la teoría de la División Internacional del Trabajo |
| 773 0# - HOST ITEM ENTRY | |
| Title | Revista de Economía Política de Buenos Aires |
| Related parts | - Año 2, Vol. 3/4 (nov. 2008) |
| Record control number | REV23982 |
No hay ítems disponibles.